Époques du Japon - Statistiques

Statistiques générales
  • Ce quiz a été pris 69 fois
  • Le résultat moyen est 2 sur 11
Statistiques - réponses
Hint Réponse % Correct
1603-1868 Époque d'Edo
98%
710-784 Époque de Nara
26%
784-1185 Époque de Heian
22%
1185-1333 Époque de Kamakura
19%
538-710 Période d'Asuka
15%
250-538 Période Kofun
15%
1573-1603 Époque Azuchi Momoyama
13%
250-710 Période Yamato
11%
1333-1573 Époque de Muromachi
9%
1868-1945 Empire du Japon
2%
1945-présent Japon contemporain
2%
Aucun quiz correspondant
Distribution des résultats
% des personnes avec chaque résultat
Percentile par nombre de réponses
Votre historique - résultats
Vous n’avez pas pris ce quiz